| 000 | 02032nam a2200385 c 4500 | ||
|---|---|---|---|
| 001 | 57616 | ||
| 003 | CO-BoRNBP | ||
| 005 | 20250714173443.0 | ||
| 007 | ta | ||
| 008 | 201126s2018 ck a|||jr|||| 00| j spa d | ||
| 020 | _a9789585651388 | ||
| 040 |
_aCO-BoRNBP _bspa _erda _cCO-BoRNBP |
||
| 041 | 0 | _aspa | |
| 043 | _as-ck--- | ||
| 084 | _aC | ||
| 100 |
_aMalpica Rodríguez, Luz Stella _eaut _961132 |
||
| 245 | 1 | 0 |
_aMi familia es un Pusandao / _cLuz Stella Malpica Rodríguez ; ilustraciones por Camilo García. |
| 250 | _aPrimera edición | ||
| 264 | 1 |
_aBogotá, Colombia : _bEditorial Tagigo, _c2018 |
|
| 300 |
_a69 páginas : _bilustraciones a color |
||
| 336 |
_atexto _btxt _2rdacontenido |
||
| 337 |
_asin mediación _bn _2rdamedio |
||
| 338 |
_avolumen _bnc _2rdasoporte |
||
| 490 | 0 | _aASERE. Diálogo de Saberes para Vivir la Paz | |
| 500 | _aEsta obra es un recurso literario desde la identidad, escrito para implementar la Cátedra de Estudios afrocolombianos, Cátedra de equidad de género y Cátedra de la paz | ||
| 520 | _aEn un caserío por las zonas costeras de los ríos de la cuenca del Pacífico, cerca al olor de la caña de azúcar que inunda el ambiente de alegría y tradición, la comunidad celebra la victoria indiscutible de Obando Mina, un hombre que había sido merecedor del voto honesto de todo un pueblo. Mientras se avecina el gran bembé, conoceremos la historia de la población, las uniones en la adversidad y razones para celebrar a punta de comida, tambor y ritmo la fuerza de la diversidad, acercando al lector al concepto de familia extendida | ||
| 521 | _aRecomendado para un público mayor de 12 años | ||
| 650 | 0 | 7 |
_aConciencia racial en la literatura _2lemb _961133 |
| 650 | 0 | 7 |
_aCuentos juveniles colombianos _2lemb _99 |
| 650 | 0 | 7 |
_aEtnicidad en la literatura _2lemb _961134 |
| 650 | 0 | 7 |
_aLiteratura Juvenil Colombiana _2lemb _9372 |
| 650 | 0 | 7 |
_aNegros _xaspectos culturales _xvida social y costumbres _2lemb _961135 |
| 700 | 1 |
_aGarcía, Camilo _eill _961136 |
|
| 942 |
_2loc _cBKLIT |
||
| 999 |
_c57616 _d57616 |
||